00985 2200325 4500001002100000005001500021035002000036007000300056040001700059100002900076245014500105250001000250300003100260504002900291020002200320041000800342082001000350084001600360090002500376264003700401336002100438337003000459338002300489650001600512700003600528850001000564008004100574990002200615990002200637INLIS00000000000914320260427095045 a0010-1122000102ta aSBPUPADbind0 aSisca Husein;ePengarang1 aTips Dan Trik Mengaktifkan Dan Mengotimalkan Otak Tengah\ :bKiat Mencerdaskan Anak Sejak Dini /cSisca Husein; Editor; Frieza Pratama Putra aCet.1 a126 hlm. :bilus. ;c12 cm abibiliografi, hlm125-126 a978-602-96338-9-40 aind a573.8 a573.8 SIS t a573.8 SIS t L 17 R 2 aYogyakarta :bSecond Hope,c2015 2rdacontentateks 2rdamediaatanpa perantara 2rdacarrieravolume 4aotak tengah aFrieza Pratama PutraePengarang aPUPAD260427 0  a29.969/B/DPK/2018 a29.910/B/DPK/2016